The Testament / (Record no. 53874)
[ view plain ]
| 000 -LEADER | |
|---|---|
| fixed length control field | 01436nam a22002057a 4500 |
| 005 - DATE AND TIME OF LATEST TRANSACTION | |
| control field | 20250604084632.0 |
| 008 - FIXED-LENGTH DATA ELEMENTS--GENERAL INFORMATION | |
| fixed length control field | 250604b |||||||| |||| 00| 0 eng d |
| 020 ## - INTERNATIONAL STANDARD BOOK NUMBER | |
| International Standard Book Number | 0440234743 |
| 040 ## - CATALOGING SOURCE | |
| Original cataloging agency | BSOP |
| 041 ## - LANGUAGE CODE | |
| Language code of text/sound track or separate title | English |
| 050 ## - LIBRARY OF CONGRESS CALL NUMBER | |
| Classification number | FIC |
| -- | G88t |
| -- | 1999 |
| 100 ## - MAIN ENTRY--PERSONAL NAME | |
| Personal name | Grisham, John |
| 245 ## - TITLE STATEMENT | |
| Title | The Testament / |
| Statement of responsibility, etc | John Grisham. |
| 264 ## - PRODUCTION, PUBLICATION, DISTRIBUTION, MANUFACTURE STATEMENTS | |
| Place of production, publication, distribution, manufacture | New York, USA: |
| Name of producer, publisher, distributor, manufacturer | <a href="The Random House Publishing,">The Random House Publishing,</a> |
| Date of production, publication, distribution, manufacture | 1999. |
| 300 ## - PHYSICAL DESCRIPTION | |
| Extent | 533p. ; |
| Dimensions | 17cm. |
| 440 ## - SERIES STATEMENT/ADDED ENTRY--TITLE | |
| Title | The Testament |
| 520 ## - SUMMARY, ETC. | |
| Summary, etc | In a plush Virginia office, a rich, angry old man is furiously rewriting his will. With his death just hours away, Troy Phelan wants to send a message to his children, his ex-wives, and his minions—a message that will touch off a vicious legal battle and transform dozens of lives. Because Troy Phelan’s new will names a sole surprise heir to his eleven-billion-dollar fortune: a mysterious woman named Rachel Lane, a missionary living deep in the jungles of Brazil.<br/><br/>Enter the lawyers. Nate O’Riley is fresh out of rehab, a disgraced corporate attorney handpicked for his last job: to find Rachel Lane at any cost. As Phelan’s family circles like vultures in D.C., Nate goes crashing through the Brazilian jungle, entering a world where money means nothing, where death is just one misstep away, and where a woman—pursued by enemies and friends alike—holds a stunning surprise of her own.<br/> |
| 650 ## - SUBJECT ADDED ENTRY--TOPICAL TERM | |
| Topical term or geographic name as entry element | Fiction, Thriller, Mystery |
| 942 ## - ADDED ENTRY ELEMENTS (KOHA) | |
| Source of classification or shelving scheme | Library of Congress Classification |
| Item type | Books |
| Withdrawn status | Lost status | Source of classification or shelving scheme | Damaged status | Not for loan | Home library | Current library | Shelving location | Date acquired | Source of acquisition | Inventory number | Total Checkouts | Full call number | Barcode | Date last seen | Price effective from | Koha item type |
|---|---|---|---|---|---|---|---|---|---|---|---|---|---|---|---|---|
| Library of Congress Classification | BSOP Library | BSOP Library | Fiction | 06/04/2025 | Donation | 48701 | FIC G88t 1999 | 00061360 | 06/04/2025 | 06/04/2025 | Books |
